000 00628nam a2200241 i 4500
001 C2-0168972
003 PPAK
005 20180728091538.0
008 980721s1970 gw |||| ||||| | eng d
020 _a0816841896
040 _aPPAK
_beng
_cPPAK
_erda
082 0 4 _a940.544943
_2 23
090 0 0 _a940.544943
_bTOL
_dR
100 1 _aToliver, Raymond F.,
_eauthor
245 1 4 _aThe blond knight of Germany
264 1 _aGerman :
_bAero ,
_c1970
300 _a331 pages ;
_c23 cm
336 _2rdacontent
_atext
337 _2rdamedia
_aunmediated
338 _2rdacarrier
_avolume
650 1 0 _aGermany
942 _ddc
_cB
999 _c153045
_d153045